| 000 | 00460nam a2200157 a 4500 | ||
|---|---|---|---|
| 001 | 000028355 | ||
| 005 | 20200930031552.0 | ||
| 008 | 110408s1977 dr a 000 | spa d | ||
| 040 |
_aDO-SdBNP _bspa _cBNPHU |
||
| 082 |
_axxx _bR521i |
||
| 100 | 1 |
_aRichardson, Felipe _955325 |
|
| 245 | 1 | 0 |
_aInforme Richardson : _bopiniones crÃticas sobre la UASD / _cFelipe Richardson. |
| 260 |
_aSanto Domingo : _bTaller, _c1977. |
||
| 300 |
_a39 p. ; _c22 cm. |
||
| 049 | _aBNPD | ||
| 999 |
_c27847 _d27847 |
||